| 000 | 00411pab a2200169 454500 | ||
|---|---|---|---|
| 008 | 180718b2008 xxu||||| |||| 00| 0 eng d | ||
| 100 | _aRosas, Guillermo | ||
| 245 | _aModels of nonresponse in legislative politics | ||
| 260 | _c2008 | ||
| 300 | _ap.573-601. | ||
| 362 | _aNov | ||
| 650 | _aElections | ||
| 700 | _aShomer, Yael | ||
| 773 | _aLegislative Studies Quarterly | ||
| 908 | _aN | ||
| 909 | _a80734 | ||
| 999 |
_c80734 _d80734 |
||